| 000 | 00697nam a2200289Ia 4500 | ||
|---|---|---|---|
| 005 | 20260324142948.0 | ||
| 008 | 008 260324s9999 xx 000 0 eng d | ||
| 020 | _a9781351140287 | ||
| 037 | _aEBOOK | ||
| 040 | _aCRL | ||
| 040 | _beng | ||
| 040 | _cCRL | ||
| 041 | _2eng | ||
| 041 | _aeng | ||
| 084 | _qCRL | ||
| 100 |
_aThomas C. Hunt; James Carper _91213880 |
||
| 245 | 0 | _aReligious Schools in the United States K-12 (1993) | |
| 245 | 2 | _bA Source Book | |
| 260 | _bTaylor and Francis | ||
| 260 | _c1993 | ||
| 365 | _a | ||
| 365 | _b255 | ||
| 856 | _uhttp://www.taylorfrancis.com/books/9781351140287 | ||
| 942 | _cEBOOK | ||
| 999 |
_c1818700 _d1818700 |
||